| 000 | 00916nam a2200253 i 4500 | ||
|---|---|---|---|
| 001 | bg | ||
| 245 | 0 | 0 |
_aBiała Księga 2003. _nCz. 5, _pPrzedsiębiorczość / _cMaciej Grabowski ; Polskie Forum Strategii Lizbońskiej. |
| 260 |
_aWarszawa : _bUrząd Komitetu Integracji Europejskiej, _c2003. |
||
| 300 |
_a65 s. : _bwykr. ; _c24 cm. |
||
| 610 | 2 | 9 |
_aUnia Europejska _xa Polska _xkonkurencja |
| 650 | 9 |
_aKonkurencja _xpolityka _xUnia Europejska |
|
| 650 | 9 |
_aPrzedsiębiorstwa małe i średnie _xUnia Europejska |
|
| 650 | 9 |
_aPrzedsiębiorstwa małe i średnie _xPolska |
|
| 651 | 9 |
_aPolska _xa Unia Europejska _xkonkurencja |
|
| 700 | 1 |
_aGrabowski, Maciej _d(1959- ). |
|
| 710 | 0 | _aPolskie Forum Strategii Lizbońskiej | |
| 020 | _a8389218267 | ||
| 040 | _cBPK | ||
| 041 | 0 | _apol | |
| 080 | _a339.137:658.114](438:4-67) | ||
| 920 | _a83-89218-26-7 | ||
| 942 | _cKS | ||
| 008 | s pl f |000 0 pol | ||
| 999 |
_c43860 _d43860 |
||
| 856 |
_uhttp://koha.tu.koszalin.pl/cgi-bin/koha/opac-detail.pl?biblionumber=43860 _yKatalog online BPK |
||